000 00499nam a2200181Ia 4500
008 240925s9999 xx 000 0 und d
020 _a471417432
082 _a005.43 SIL
100 _aAbraham , Silbesschatz
245 0 _aOperating System Concepts
250 _a4th
260 _aNew York:
_bJohn Wiley & Sons
_c,2002.
300 _axiii,321p.
_bNA
_fPirated
500 _aIncludes Index
600 _aComputer Science
650 _aComputer science, information & general works
942 _cBK
999 _c7352
_d7352